Promoting friendship, emotional & social skills in children : (Record no. 146446)
[ view plain ]
| 000 -LEADER | |
|---|---|
| fixed length control field | 01285cam a2200277 a 4500 |
| 001 - CONTROL NUMBER | |
| control field | vtls003233606 |
| 003 - CONTROL NUMBER IDENTIFIER | |
| control field | MY-SjTCS |
| 005 - DATE AND TIME OF LATEST TRANSACTION | |
| control field | 20200226115310.0 |
| 008 - FIXED-LENGTH DATA ELEMENTS--GENERAL INFORMATION | |
| fixed length control field | 120703s2011 enka b 000 0 eng d |
| 020 ## - INTERNATIONAL STANDARD BOOK NUMBER | |
| International Standard Book Number | 9781906531362 (pbk.) |
| 039 #9 - LEVEL OF BIBLIOGRAPHIC CONTROL AND CODING DETAIL [OBSOLETE] | |
| Level of rules in bibliographic description | 201209271906 |
| Level of effort used to assign nonsubject heading access points | shuhada |
| Level of effort used to assign subject headings | 201209271900 |
| Level of effort used to assign classification | shuhada |
| Level of effort used to assign subject headings | 201209191741 |
| Level of effort used to assign classification | izani |
| -- | 201207031531 |
| -- | malathy |
| 082 04 - DEWEY DECIMAL CLASSIFICATION NUMBER | |
| Classification number | 372.374044 |
| Item number | DRO 2011 |
| 100 1# - MAIN ENTRY--PERSONAL NAME | |
| Personal name | Drost, Joost. |
| 9 (RLIN) | 64658 |
| 245 10 - TITLE STATEMENT | |
| Title | Promoting friendship, emotional & social skills in children : |
| Remainder of title | 'The Giant's Desk' / |
| Statement of responsibility, etc. | Joost Drost. |
| 260 ## - PUBLICATION, DISTRIBUTION, ETC. | |
| Place of publication, distribution, etc. | Buckingham : |
| Name of publisher, distributor, etc. | Hinton House, |
| Date of publication, distribution, etc. | 2011. |
| 300 ## - PHYSICAL DESCRIPTION | |
| Extent | viii, 267 p. : |
| Other physical details | ill. ; |
| Dimensions | 30 cm. + |
| Accompanying material | 1 CD-ROM (4 3/4 in.) |
| 490 0# - SERIES STATEMENT | |
| Series statement | Hinton House groupwork resources |
| 504 ## - BIBLIOGRAPHY, ETC. NOTE | |
| Bibliography, etc. note | Includes bibliographical references. |
| 650 #0 - SUBJECT ADDED ENTRY--TOPICAL TERM | |
| Topical term or geographic name entry element | Social skills |
| General subdivision | Study and teaching (Elementary) |
| 9 (RLIN) | 39264 |
| 650 #0 - SUBJECT ADDED ENTRY--TOPICAL TERM | |
| Topical term or geographic name entry element | Social skills |
| General subdivision | Study and teaching (Elementary) |
| -- | Activity programs. |
| 650 #0 - SUBJECT ADDED ENTRY--TOPICAL TERM | |
| Topical term or geographic name entry element | Emotional intelligence |
| General subdivision | Study and teaching (Elementary) |
| 650 #0 - SUBJECT ADDED ENTRY--TOPICAL TERM | |
| Topical term or geographic name entry element | Emotional intelligence |
| General subdivision | Study and teaching (Elementary) |
| -- | Activity programs. |
| 650 #0 - SUBJECT ADDED ENTRY--TOPICAL TERM | |
| Topical term or geographic name entry element | Interpersonal relations in children |
| General subdivision | Study and teaching (Elementary) |
| 650 #0 - SUBJECT ADDED ENTRY--TOPICAL TERM | |
| Topical term or geographic name entry element | Interpersonal relations in children |
| General subdivision | Study and teaching (Elementary) |
| -- | Activity programs. |
| 920 ## - Programme | |
| Programme | SABD : 185588, 188557 |
| Withdrawn status | Lost status | Source of classification or shelving scheme | Damaged status | Not for loan | Home library | Current library | Date acquired | Total Checkouts | Barcode | Date last seen | Copy number | Koha item type | Public note | Cost, normal purchase price | Total Renewals | Date last checked out | Uniform Resource Identifier | Cost, replacement price |
|---|---|---|---|---|---|---|---|---|---|---|---|---|---|---|---|---|---|---|
| Withdrawn | Dewey Decimal Classification | Taylor's Library-TU | Taylor's Library-TU | 19/09/2012 | 1000527928 | 05/12/2019 | 1 | Accompanying Material (Media Resource) | SABDx,27000,02,GR | |||||||||
| Dewey Decimal Classification | Taylor's Library-TU | Taylor's Library-TU | 09/08/2012 | 2 | 5000134476 | 26/06/2023 | 1 | Main Collection | SABDx,27000,03,GR | 139.36 | 1 | 02/05/2023 | Floor 4, Shelf 11 , Side 2, TierNo 5, BayNo 2 | 139.36 |